| 000 | 01188nam a2200313 i 4500 | ||
|---|---|---|---|
| 001 | 179741 | ||
| 003 | ES-MaACL | ||
| 005 | 20230925163008.0 | ||
| 008 | 120116s2010 sp ac |||| |dspa d | ||
| 020 | _a978-84-8472-588-6 | ||
| 080 | _a821.134.2-2.09"19" | ||
| 080 | _a929-054.7(=1.460:447.73 T.)"19" | ||
| 100 | 1 |
_aAznar Soler, Manuel. _924318 |
|
| 245 | 1 | 4 |
_aLos Amigos del Teatro Español de Toulouse _b: historia de un grupo teatral español en el exilio francés (1959-2009) / _cManuel Aznar Soler. |
| 260 |
_aSevilla : _bRenacimiento, _c2010. |
||
| 300 |
_a318 p. : _bil. ; _c24 cm. |
||
| 490 | 1 |
_aBiblioteca del exilio. Anejos ; _v13 |
|
| 500 | _aCronología. | ||
| 500 | _aÍndices. | ||
| 504 | _aBibliografía: p. 217-222. | ||
| 610 | 2 | 4 |
_aAmigos del Teatro Español (Grupo teatral) _9146576 |
| 650 | 7 |
_aTeatro español- _yS.XX- _xHistoria y crítica. _917361 |
|
| 650 | 0 | 7 |
_aExiliados españoles- _zFrancia. _912670 |
| 830 | 0 |
_aBiblioteca del exilio. Anejos ; _v13 _9191130 |
|
| 852 |
_aES-MaACL _jA-11835 _9186641 _bR.146558 _cDEPO1 _dOlim: N-4840 _xDonación: José Esteban |
||
| 903 |
_9234040 _aEsteban, José _ednr |
||
| 942 | _2udc | ||
| 999 |
_c179741 _d179741 |
||